|
|
|
|
| LEADER |
01547cas a2200313 a 4500 |
| 001 |
AALejournalIMF019882 |
| 008 |
230101c9999 xx r poo 0 0eng d |
| 020 |
|
|
|c 5.00 USD
|
| 020 |
|
|
|z 9781498333627
|
| 022 |
|
|
|a 2663-3493
|
| 040 |
|
|
|a BD-DhAAL
|c BD-DhAAL
|
| 110 |
2 |
|
|a International Monetary Fund.
|
| 245 |
1 |
0 |
|a Progress Report on the Activities of the Independent Evaluation Office (IEO).
|
| 264 |
|
1 |
|a Washington, D.C. :
|b International Monetary Fund,
|c 2007.
|
| 300 |
|
|
|a 1 online resource (2 pages)
|
| 490 |
1 |
|
|a Policy Papers
|
| 500 |
|
|
|a <strong>Off-Campus Access:</strong> No User ID or Password Required
|
| 500 |
|
|
|a <strong>On-Campus Access:</strong> No User ID or Password Required
|
| 506 |
|
|
|a Electronic access restricted to authorized BRAC University faculty, staff and students
|
| 520 |
3 |
|
|a Since its last Report to the IMFC in Singapore, the IEO has focused most of its attention on completion of two evaluations; namely the IMF and Aid to Sub-Saharan Africa and the IMF's Advice on Exchange Rate Policy. In addition work is progressing or has been initiated on a number of new topics identified in the last Report.
|
| 538 |
|
|
|a Mode of access: Internet
|
| 650 |
|
7 |
|a Evaluation
|2 imf
|
| 650 |
|
7 |
|a IEO Report
|2 imf
|
| 650 |
|
7 |
|a IEO Work Program
|2 imf
|
| 650 |
|
7 |
|a Policy
|2 imf
|
| 650 |
|
7 |
|a PP
|2 imf
|
| 651 |
|
7 |
|a Singapore
|2 imf
|
| 830 |
|
0 |
|a Policy Papers; Policy Paper ;
|v No. 2007/046
|
| 856 |
4 |
0 |
|z Full text available on IMF
|u http://elibrary.imf.org/view/journals/007/2007/046/007.2007.issue-046-en.xml
|z IMF e-Library
|